Shikhar se sagar tak/ (Record no. 41786)

000 -LEADER
fixed length control field 00349nam a22001451a 4500
020 ## - INTERNATIONAL STANDARD BOOK NUMBER
ISBN 9788121405980
082 ## - DEWEY DECIMAL CLASSIFICATION NUMBER
Classification number H 891.430 92
Item number RAM/S
100 ## - MAIN ENTRY--AUTHOR NAME
Personal name Ramkamal Rai
245 ## - TITLE STATEMENT
Title Shikhar se sagar tak/
Statement of responsibility, etc by Ramkamal Rai
260 ## - PUBLICATION, DISTRIBUTION, ETC. (IMPRINT)
Place of publication New Delhi:
Name of publisher National,
Year of publication 1997.
300 ## - PHYSICAL DESCRIPTION
Number of Pages 271p.
650 ## - SUBJECT ADDED ENTRY--TOPICAL TERM
Topical Term Biography
650 ## - SUBJECT ADDED ENTRY--TOPICAL TERM
Topical Term Biography Ajney
942 ## - ADDED ENTRY ELEMENTS (KOHA)
Koha item type Book
Holdings
Withdrawn status Lost status Damaged status Not for loan Permanent Location Current Location Date acquired Cost, normal purchase price Full call number Accession Number Cost, replacement price Price effective from Koha item type
        Sree Sankaracharya University of Sanskrit Sree Sankaracharya University of Sanskrit 08.01.2015 200.00 H 891.430 92 RAM/S 038761 0.00 08.01.2015 Book